Análisis comparativo del comportamiento sismorresistente de muros de mampostería postensada y mampostería reforzada aplicados a una estructura de dos niveles
Analiza el comportamiento sismorresistente en sistema estructurales de muros de mampostería postensada y muros de mampostería reforzada con el objetivo de establecer sus relaciones, diferencias y semejanzas dentro de la aplicación de estructuras de uso residencial con dos niveles, evalúa y anali...
| Main Authors: | , |
|---|---|
| Other Authors: | |
| Format: | Tesis Section = Libro |
| Language: | Undetermined Spanish |
| Published: |
Managua
UNI-IES
2020
|
| Subjects: |
| LEADER | 01612nam a2200277Ia 4500 | ||
|---|---|---|---|
| 008 | 240830s9999 xx 000 0 und d | ||
| 040 | |a BIBLIOTECA-RUPAP Mon 693.852 D619 | ||
| 041 | |a spa | ||
| 082 | |a Mon 693.852 D619 | ||
| 100 | 1 | |a Dixon Maradiaga, Agenor Antonio | |
| 100 | 1 | |b Parrales Bermúdez, Juan Vicente | |
| 245 | 1 | 0 | |a Análisis comparativo del comportamiento sismorresistente de muros de mampostería postensada y mampostería reforzada aplicados a una estructura de dos niveles |
| 260 | |a Managua |b UNI-IES |c 2020 | ||
| 300 | |a 124 p. :il. | ||
| 500 | |a Contiene: anexos y CD | ||
| 502 | |a Tesis (Ingeniero Civil)- UNI, 2020. | ||
| 520 | 3 | |a Analiza el comportamiento sismorresistente en sistema estructurales de muros de mampostería postensada y muros de mampostería reforzada con el objetivo de establecer sus relaciones, diferencias y semejanzas dentro de la aplicación de estructuras de uso residencial con dos niveles, evalúa y analiza, ventajas y desventajas de cada sistema estructural de muros de mampostería aplicado a una estructura de uso convencional en la población y determinar cual de estos dos sistemas sismorresistentes destacaría en términos estructurales, económicos y de mayor accesibilidad constructiva, para la elaboración de una vivienda de dos niveles. | |
| 650 | 7 | |a CONSTRUCCIONES ANTISISMICAS | |
| 650 | 7 | |b SISMORESISTENTE | |
| 650 | 7 | |c DISEÑO ESTRUCTURAL | |
| 650 | 7 | |d ANALISIS ESTRUCTURAL | |
| 650 | 7 | |e MATERIALES PARA CONSTRUCCION | |
| 700 | 1 | |a Tutor: |b Fariñas Morales, Lucia Patricia | |
| 942 | |c BK |2 ddc | ||
| 991 | |a TESIS | ||
| 999 | |c 17919 | ||